Normal view
MARC view
- SUO Abdul Rafey Majid syn no 4
Entry Personal Name
001 - CONTROL NUMBER
- control field: 47966
003 - CONTROL NUMBER IDENTIFIER
- control field: NUST
005 - DATE AND TIME OF LATEST TRANSACTION
- control field: 20210314133936.0
008 - FIXED-LENGTH DATA ELEMENTS
- fixed length control field: 210314|| aca||aabn | a|a d
040 ## - CATALOGING SOURCE
- Original cataloging agency: NUST
- Transcribing agency: NUST
100 ## - HEADING--PERSONAL NAME
- Personal name: SUO Abdul Rafey Majid syn no 4
670 ## - SOURCE DATA FOUND
- Source citation: Work cat.: (NUST): SUO Abdul Rafey Majid syn no 4, Study and Design of Geodesic Dome Model for MCE Swimming pool Risalpur Cantt, 23 April 2003
